00588nam a2200193Ia 450000500170000000800460001703700120006304000200007504100130009508400210010810000200012924500310014926000430018030000100022365000150023394200210024899900210026995201040029020250508162943.0008 250505s9999 xx 000 0 hin d aTextual aFEDLbengcFEDL ahin2eng a100p., RAJqFEDL aRajendra Prasad 0aDrashanshastra ki ruprekha aPatna, IndiabShukla Book Depot c1993 a284p. aPhilosophy cTEXLh100p., RAJ c1379615d1379615 00104070aFEDLbFEDLd2025-05-08l0o100p., RAJpEL0072640r2025-05-08 16:29:43w2025-05-08yTEXL